[Event "Wloclawek CC Classic 06th"]
[Site "Wloclawek"]
[Date "2013.??.??"]
[Round "6"]
[White "Oborski, Krzysztof"]
[Black "Augustowski, Janusz"]
[Result "1-0"]
[WhiteElo "1800"]
[BlackElo "1895"]
[PlyCount "25"]
[EventDate "2013.03.??"]
[EventType "swiss"]
[EventRounds "7"]
[EventCountry "POL"]
[SourceTitle "EXT 2021"]
[Source "ChessBase"]
[SourceDate "2020.10.23"]
[SourceVersion "1"]
[SourceVersionDate "2020.10.23"]
[SourceQuality "1"]

1. e4 c5 2. Nf3 Nc6 3. d4 cxd4 4. Nxd4 Nf6 5. Nc3 e5 6. Ndb5 d6 7. Bg5 a6 8. Na3 b5 9. Bxf6 gxf6 10. Nd5 Bg7 11. Bd3 0-0 12. 0-0 Be6 13. c4 1-0

[Event "Wloclawek CC Classic 06th"]
[Site "Wloclawek"]
[Date "2013.??.??"]
[Round "7"]
[White "Oborski, Krzysztof"]
[Black "Felski, Krzysztof"]
[Result "1/2-1/2"]
[WhiteElo "1800"]
[BlackElo "1600"]
[PlyCount "95"]
[EventDate "2013.03.??"]
[EventType "swiss"]
[EventRounds "7"]
[EventCountry "POL"]
[SourceTitle "EXT 2021"]
[Source "ChessBase"]
[SourceDate "2020.10.23"]
[SourceVersion "1"]
[SourceVersionDate "2020.10.23"]
[SourceQuality "1"]

1. e4 e5 2. Nf3 Nc6 3. d4 exd4 4. Nxd4 Nf6 5. Nc3 Bb4 6. Nxc6 Bxc3+ 7. bxc3 bxc6 8. Bd3 d6 9. 0-0 0-0 10. Bg5 h6 11. Bh4 Qe7 12. f4 Qe6 13. Qf3 Nd7 14. Bf2 a5 15. Kh1 Ba6 16. Rg1 Bxd3 17. cxd3 Rfe8 18. g4 Qf6 19. g5 hxg5 20. Rxg5 Ne5 21. Qg3 Nxd3 22. Bd4 Qxf4 23. Rxg7+ Kf8 24. Rg8+ Ke7 25. Rxe8+ Rxe8 26. Qxd3 Kd7 27. e5 Rg8 28. Rf1 Qg4 29. Rxf7+ Ke8 30. Qf3 c5 31. Bf2 Qc4 32. Bxc5 Qxf7 33. Qxf7+ Kxf7 34. exd6 cxd6 35. Bxd6 Ke6 36. Bg3 a4 37. Kg2 Kd5 38. Kf3 Kc4 39. Bd6 Kxc3 40. h4 Rg6 41. Be7 Re6 42. Bc5 Re5 43. Bd6 Rd5 44. Be7 Kb2 45. a3 Rd3+ 46. Kg4 Re3 47. Bc5 Re1 48. h5 1/2-1/2

[Event "Wloclawek CC Classic 06th"]
[Site "Wloclawek"]
[Date "2013.??.??"]
[Round "3"]
[White "Oborski, Krzysztof"]
[Black "Konefal, Leszek"]
[Result "1-0"]
[WhiteElo "1800"]
[BlackElo "1600"]
[PlyCount "69"]
[EventDate "2013.03.??"]
[EventType "swiss"]
[EventRounds "7"]
[EventCountry "POL"]
[SourceTitle "EXT 2021"]
[Source "ChessBase"]
[SourceDate "2020.10.23"]
[SourceVersion "1"]
[SourceVersionDate "2020.10.23"]
[SourceQuality "1"]

1. e4 e6 2. d4 d5 3. e5 c5 4. c3 Nc6 5. Nf3 a6 6. a3 b5 7. b4 c4 8. g3 Nge7 9. Qc2 Ng6 10. Bh3 Be7 11. 0-0 Bd7 12. Ne1 h6 13. f4 0-0 14. Ng2 Nh8 15. g4 a5 16. Bb2 axb4 17. axb4 Rxa1 18. Bxa1 Ng6 19. f5 exf5 20. gxf5 Nh4 21. Bb2 Bg5 22. Kh1 g6 23. Nxh4 Bxh4 24. Rg1 g5 25. Bc1 Ne7 26. e6 fxe6 27. fxe6 Be8 28. Qd1 Bg6 29. Nd2 Qd6 30. Nf3 Be4 31. Bg2 Kh8 32. Nxh4 gxh4 33. Bxe4 dxe4 34. Bxh6 Rf2 35. Bg7+ 1-0

[Event "Wloclawek-ch"]
[Site "Wloclawek"]
[Date "2012.??.??"]
[Round "2"]
[White "Oborski, Krzysztof"]
[Black "Baumann, Dariusz"]
[Result "0-1"]
[WhiteElo "1800"]
[BlackElo "2102"]
[PlyCount "86"]
[EventDate "2012.09.??"]
[EventType "swiss"]
[EventRounds "9"]
[EventCountry "POL"]
[SourceTitle "EXT 2021"]
[Source "ChessBase"]
[SourceDate "2020.10.23"]
[SourceVersion "1"]
[SourceVersionDate "2020.10.23"]
[SourceQuality "1"]

1. Nf3 d5 2. c4 c6 3. cxd5 cxd5 4. g3 Nc6 5. d3 e5 6. Bg2 Nf6 7. e3 Bd6 8. a3 Bg4 9. Qb3 0-0 10. 0-0 Na5 11. Qa2 d4 12. Bd2 dxe3 13. fxe3 Be6 14. Bxa5 Qxa5 15. b3 Qb6 16. d4 Ng4 17. Re1 exd4 18. exd4 Be5 19. Qb2 Bf6 20. h3 Nh6 21. Nbd2 Nf5 22. Ne4 Bxd4+ 23. Nxd4 Nxd4 24. Kh2 Rac8 25. Rac1 Rxc1 26. Rxc1 Nxb3 27. Rf1 Rd8 28. Ng5 Qe3 29. h4 Rd2 30. Qb1 g6 31. Re1 Qf2 32. Qe4 Bd5 33. Qe8+ Kg7 34. Qe5+ Kh6 35. Nxf7+ Bxf7 36. Qg5+ Kg7 37. Qe5+ Qf6 38. Qb5 Bd5 39. Qd7+ Kh6 40. Re7 Rxg2+ 41. Kh3 Qf5+ 42. Qxf5 gxf5 43. Re5 Rd2 0-1

[Event "Wloclawek CC Classic 01st"]
[Site "Wloclawek"]
[Date "2011.??.??"]
[Round "11"]
[White "Dabrowski, Tadeusz"]
[Black "Oborski, Krzysztof"]
[Result "0-1"]
[WhiteElo "1600"]
[BlackElo "1600"]
[PlyCount "68"]
[EventDate "2011.01.??"]
[EventType "tourn"]
[EventRounds "11"]
[EventCountry "POL"]
[SourceTitle "EXT 2021"]
[Source "ChessBase"]
[SourceDate "2020.10.23"]
[SourceVersion "1"]
[SourceVersionDate "2020.10.23"]
[SourceQuality "1"]

1. d4 d5 2. Nf3 Nf6 3. e3 e6 4. Bd3 c5 5. c3 Nc6 6. Nbd2 Bd6 7. dxc5 Bxc5 8. Nb3 Be7 9. 0-0 0-0 10. Qc2 Qc7 11. Ng5 h6 12. Nh7 Nxh7 13. Bxh7+ Kh8 14. Nd4 a6 15. Bd2 e5 16. Nxc6 bxc6 17. Bd3 Bd6 18. e4 Be6 19. Qd1 dxe4 20. Bxe4 f5 21. Bc2 Rab8 22. Qh5 Rf6 23. Bg5 Bf7 24. Qh3 Rg6 25. Bxf5 Rxg5 26. Be4 Rxb2 27. c4 Bc5 28. Rad1 Bd4 29. Qa3 Qa7 30. c5 Rxa2 31. Qf3 Bg6 32. Qf8+ Kh7 33. Rxd4 exd4 34. f4 Bxe4 0-1

[Event "Wloclawek CC Classic 01st"]
[Site "Wloclawek"]
[Date "2011.??.??"]
[Round "6"]
[White "Felski, Krzysztof"]
[Black "Oborski, Krzysztof"]
[Result "0-1"]
[WhiteElo "1600"]
[BlackElo "1600"]
[PlyCount "154"]
[EventDate "2011.01.??"]
[EventType "tourn"]
[EventRounds "11"]
[EventCountry "POL"]
[SourceTitle "EXT 2021"]
[Source "ChessBase"]
[SourceDate "2020.10.23"]
[SourceVersion "1"]
[SourceVersionDate "2020.10.23"]
[SourceQuality "1"]

1. d4 d5 2. Nf3 Nf6 3. c4 e6 4. Nc3 Be7 5. e3 0-0 6. Bd3 dxc4 7. Bxc4 c5 8. 0-0 a6 9. Qc2 Qc7 10. Re1 cxd4 11. Ne2 dxe3 12. Bxe3 b5 13. Bd3 Qxc2 14. Bxc2 Bb7 15. Nfd4 Nc6 16. Nxc6 Bxc6 17. Rac1 Bb7 18. h3 Rac8 19. Bb3 Nd5 20. Bxd5 Bxd5 21. a3 Bf6 22. Nc3 Bxc3 23. bxc3 Rc4 24. Bd2 Rd8 25. Re2 Ra4 26. Ra1 Bc4 27. Bg5 f6 28. Rd2 Rxd2 29. Bxd2 Kf7 30. f3 e5 31. Kf2 Ke6 32. Be3 f5 33. g3 Bd5 34. h4 f4 35. gxf4 exf4 36. Bc5 Kf7 37. h5 Rc4 38. Bd4 g6 39. hxg6+ hxg6 40. Rh1 Ra4 41. Rh7+ Ke6 42. Bc5 Rc4 43. Bb4 Rc8 44. Re7+ Kf6 45. Rd7 Be6 46. Rd6 Ra8 47. Rc6 Ra7 48. Bc5 Ra8 49. Bd4+ Ke7 50. Rc7+ Kd6 51. Bb6 Rc8 52. Ra7 Rxc3 53. Rxa6 Rc6 54. a4 bxa4 55. Rxa4 Rxb6 56. Rxf4 Bf5 57. Rd4+ Ke5 58. Ra4 Kf6 59. f4 Rb5 60. Ra6+ Be6 61. Kf3 Kf5 62. Ra4 Rb3+ 63. Kf2 Kg4 64. Ra6 Bf5 65. Ra4 Rf3+ 66. Kg2 Rxf4 67. Ra7 g5 68. Rg7 Be4+ 69. Kg1 Rf5 70. Rg8 Kg3 71. Rh8 Bg2 72. Rf8 Bh3 73. Rxf5 Bxf5 74. Kh1 Kf2 75. Kh2 g4 76. Kh1 Be6 77. Kh2 g3+ 0-1

[Event "Wloclawek-ch"]
[Site "Wloclawek"]
[Date "2011.??.??"]
[Round "6"]
[White "Jeziorny, Janusz"]
[Black "Oborski, Krzysztof"]
[Result "1-0"]
[WhiteElo "2000"]
[BlackElo "1800"]
[PlyCount "105"]
[EventDate "2011.05.??"]
[EventType "swiss"]
[EventRounds "9"]
[EventCountry "POL"]
[SourceTitle "EXT 2021"]
[Source "ChessBase"]
[SourceDate "2020.10.23"]
[SourceVersion "1"]
[SourceVersionDate "2020.10.23"]
[SourceQuality "1"]

1. e4 c5 2. g3 Nc6 3. Bg2 g6 4. Ne2 Bg7 5. c3 e6 6. f4 d5 7. e5 Nge7 8. Na3 a6 9. Nc2 b5 10. d4 cxd4 11. Ncxd4 Bd7 12. Be3 0-0 13. h4 h5 14. Bf3 f5 15. exf6 Bxf6 16. Nxc6 Nxc6 17. Nd4 Nxd4 18. Bxd4 Qe7 19. Qd3 Qg7 20. 0-0-0 Bxd4 21. Qxd4 Qxd4 22. Rxd4 Rfc8 23. Kd2 Rc6 24. Re1 Kf8 25. Re5 Rac8 26. Be2 Be8 27. g4 hxg4 28. Bxg4 Bf7 29. h5 gxh5 30. Bxh5 Bxh5 31. Rxh5 Ke7 32. f5 Rd6 33. Rh7+ Kf6 34. fxe6 Kxe6 35. Rdh4 Rf8 36. R4h6+ Rf6 37. Rxf6+ Kxf6 38. Rh6+ Ke7 39. Rxd6 Kxd6 40. b4 Ke5 41. Kd3 Ke6 42. Kd4 Kd6 43. a3 Kc6 44. Ke5 Kb6 45. Kxd5 a5 46. Kd6 axb4 47. axb4 Kb7 48. Kc5 Ka6 49. Kc6 Ka7 50. Kxb5 Kb7 51. c4 Kc7 52. Ka6 Kb8 53. b5 1-0

[Event "Wloclawek CC Classic-B 02nd"]
[Site "Wloclawek"]
[Date "2011.??.??"]
[Round "6"]
[White "Oborski, Krzysztof"]
[Black "Maslankowski, Maciej"]
[Result "1-0"]
[WhiteElo "1800"]
[BlackElo "1400"]
[PlyCount "69"]
[EventDate "2011.09.??"]
[EventType "tourn"]
[EventRounds "13"]
[EventCountry "POL"]
[SourceTitle "EXT 2021"]
[Source "ChessBase"]
[SourceDate "2020.10.23"]
[SourceVersion "1"]
[SourceVersionDate "2020.10.23"]
[SourceQuality "1"]

1. e4 e5 2. Ne2 Nf6 3. f4 d6 4. Nbc3 Bg4 5. fxe5 dxe5 6. h3 Bh5 7. g4 Bg6 8. d3 h6 9. Be3 Nc6 10. Qd2 Bb4 11. a3 Ba5 12. 0-0-0 Nd4 13. Qe1 c5 14. Qg3 Bc7 15. h4 h5 16. Bh3 hxg4 17. Bxg4 Bh5 18. Bxh5 Nxh5 19. Qf2 Qe7 20. Nd5 Qd7 21. Nxc7+ Qxc7 22. Nc3 Nf6 23. Rdg1 Rg8 24. h5 0-0-0 25. h6 Qd7 26. h7 Rh8 27. Rxg7 Ng4 28. Qg3 Nxe3 29. Qxe3 Qe6 30. Qg5 Rhf8 31. Rg8 f6 32. Rxf8 Rxf8 33. Qg7 Qe8 34. h8Q Rxh8 35. Rxh8 1-0

[Event "Wloclawek-ch"]
[Site "Wloclawek"]
[Date "2011.??.??"]
[Round "1"]
[White "Oborski, Krzysztof"]
[Black "Stepniak, Stanislaw"]
[Result "1-0"]
[WhiteElo "1800"]
[BlackElo "2000"]
[PlyCount "71"]
[EventDate "2011.05.??"]
[EventType "swiss"]
[EventRounds "9"]
[EventCountry "POL"]
[SourceTitle "EXT 2021"]
[Source "ChessBase"]
[SourceDate "2020.10.23"]
[SourceVersion "1"]
[SourceVersionDate "2020.10.23"]
[SourceQuality "1"]

1. e4 e6 2. d4 d5 3. e5 c5 4. c3 Qb6 5. Nf3 Nc6 6. a3 Bd7 7. b4 cxd4 8. cxd4 Nge7 9. Nc3 Nf5 10. Be3 Be7 11. Be2 Rc8 12. Na4 Qd8 13. Rc1 0-0 14. 0-0 b6 15. Ba6 Rc7 16. Nc3 Nb8 17. Be2 a6 18. Bd3 Nxe3 19. fxe3 b5 20. Nd2 f5 21. Ne2 g5 22. Rxc7 Qxc7 23. Qe1 Be8 24. Qg3 Nd7 25. Rc1 Qb7 26. Nb3 h6 27. Na5 Qa8 28. Nf4 Bf7 29. Rc7 Qd8 30. Ra7 g4 31. Nc6 Qe8 32. Nxd5 exd5 33. Bxf5 Nb6 34. Nxe7+ Kh8 35. Qh4 Bh5 36. Ng6+ 1-0

[Event "Wloclawek Portofino Cup"]
[Site "Wloclawek"]
[Date "2009.09.26"]
[Round "5"]
[White "Jedryczka, Krystian"]
[Black "Oborski, Krzysztof"]
[Result "1-0"]
[WhiteElo "2240"]
[BlackElo "1600"]
[PlyCount "57"]
[EventDate "2009.09.24"]
[EventType "swiss"]
[EventRounds "9"]
[EventCountry "POL"]
[SourceTitle "EXT 2018"]
[Source "ChessBase"]
[SourceDate "2017.10.13"]
[SourceVersion "1"]
[SourceVersionDate "2017.10.13"]
[SourceQuality "1"]

1. e4 e5 2. Nf3 Nc6 3. Bc4 h6 4. c3 Nf6 5. 0-0 d6 6. Re1 Bg4 7. h3 Bh5 8. d4 Bxf3 9. Qxf3 exd4 10. cxd4 Be7 11. Be3 0-0 12. Nc3 a6 13. Rad1 b5 14. Bb3 Qe8 15. Bc1 Bd8 16. e5 dxe5 17. dxe5 Nh7 18. Bd5 Nxe5 19. Qg3 Bf6 20. Bxa8 Qxa8 21. Nd5 Ng5 22. Nxf6+ gxf6 23. h4 Kh7 24. hxg5 hxg5 25. Rxe5 fxe5 26. Qxe5 f6 27. Rd7+ Kg6 28. Qe7 Re8 29. Qh7# 1-0

[Event "Wloclawek Portofino Cup"]
[Site "Wloclawek"]
[Date "2009.09.25"]
[Round "4"]
[White "Oborski, Krzysztof"]
[Black "Topic, Stefan"]
[Result "1-0"]
[WhiteElo "1600"]
[BlackElo "1600"]
[PlyCount "65"]
[EventDate "2009.09.24"]
[EventType "swiss"]
[EventRounds "9"]
[EventCountry "POL"]
[SourceTitle "EXT 2018"]
[Source "ChessBase"]
[SourceDate "2017.10.13"]
[SourceVersion "1"]
[SourceVersionDate "2017.10.13"]
[SourceQuality "1"]

1. e4 e5 2. Nf3 Nc6 3. Bb5 Nge7 4. d3 a6 5. Ba4 d5 6. exd5 Qxd5 7. 0-0 Bg4 8. Nbd2 0-0-0 9. Bxc6 Nxc6 10. a4 Nd4 11. b3 Bb4 12. c4 Qc6 13. Nxd4 Rxd4 14. f3 Bf5 15. Ne4 Bxe4 16. fxe4 Bc5 17. Be3 Rd7 18. Bxc5 Qxc5+ 19. Kh1 Qe3 20. Qg4 f6 21. b4 h5 22. Qe6 Kd8 23. Rf3 Qd2 24. b5 Re8 25. Qh3 Qc3 26. Raf1 Rh8 27. g4 h4 28. g5 fxg5 29. Qe6 Qb4 30. bxa6 Re7 31. Rf8+ Rxf8 32. Rxf8+ Re8 33. Qxe8# 1-0